| 000 | 00370 a2200169 4500 | ||
|---|---|---|---|
| 001 | 183363 | ||
| 020 | _a85-329-0343-6 | ||
| 040 | _cMagnum | ||
| 100 | _aPassos, Isabel Cristina | ||
| 240 | 1 | 0 |
_aO visitante do tempo _lpor |
| 245 | 1 | 0 | _aO visitante do tempo |
| 300 | _a24 | ||
| 362 | 0 | _a1996 | |
| 440 | 1 | _aLĂȘ | |
| 697 | _aLITERATURA INFANTO-JUVENIL | ||
| 942 | _cBK | ||
| 999 |
_c183363 _d183363 |
||